| 000 | 00613nam a2200205 u 4500 | ||
|---|---|---|---|
| 005 | 20210223132428.0 | ||
| 008 | 140825s2005 cl r 000 0 spa d | ||
| 020 | _a9583018341 | ||
| 035 | _aUPN01000199104 | ||
| 049 | _aI | ||
| 050 | 4 |
_aNC1764 _bH6.4 |
|
| 100 | 1 |
_aHodge, Anthony _936399 |
|
| 245 | 1 | 0 |
_aCaricatura : _bdomina el arte / _cAnthony Hodge ; tr. Adryana Pérez de la Espriella. |
| 260 |
_aBogotá : _bPanamericana, _c2005. |
||
| 300 |
_a32 p. : _bil. col. |
||
| 440 | 0 | _aDomina el arte | |
| 650 | 4 |
_aTIRAS COMICAS, HISTORIETAS, ETC. - _xTECNICA _923424 |
|
| 905 | _aInfantil | ||
| 999 |
_c171205 _d171205 |
||